| 000 | 00452nam a2200193Ia 4500 | ||
|---|---|---|---|
| 003 | OSt | ||
| 005 | 20251111094212.0 | ||
| 008 | 250729s2005 xx 000 0 und d | ||
| 020 | _a978-9385877490 | ||
| 040 | _cAL | ||
| 041 | _aeng | ||
| 082 | _a371.333 MOHM | ||
| 100 |
_aMohanty Jagannath _9224177 |
||
| 245 | _aModern trends in technology | ||
| 260 |
_aHyderabad _c2005 |
||
| 300 | _a404p | ||
| 650 |
_aEducation _9224178 |
||
| 942 |
_2ddc _cBED |
||
| 999 |
_c236281 _d236281 |
||